00419nam a2200157Ia 45000010006000000050017000060080041000230410008000640820015000721000041000872450080001282600009002083000028002176500008002456540008002531618620260306170251.0260306t2001||||xx |||||||||||||| ||und|| aESP a347.3bC76 aAlterini, Atilio Aníbal (dir)eAUT 0aContratación contemporánea:bcontratos modernos. Derecho del consumidor c2001 a000 páginas :c00 cm. aGEN aCDE